00487 2200193 4500001002100000005001500021008004100036020002200077035001900099041000700118082001100125090001700136100002300153245003700176260002600213300002800239500001000267650001600277INLIS00000000000129420241224112325241224||||||||| | ||| |||| || |  a978-602-8185-69-1 0010-1224001294 aid0 a371.36 a371.36 ADE m0 aAde Husnul Mawadah00aMenyampaikan Tanggapan dan Saran aSerangbHorizonc2010 aiv,76 hlm.:ilus.;25 cm. aCet.1 0aIlmu Sosial